| 000 | 00388nam a2200169Ia 4500 | ||
|---|---|---|---|
| 008 | 210210b1927 xxu||||| |||| 00| 0 eng d | ||
| 041 | _aeng | ||
| 082 | _a822/498 | ||
| 100 | _aGOSSE (Edmund) | ||
| 245 | _aLeaves and fruit | ||
| 260 |
_aLondon _bWilliam Heinemann Ltd. _c1927 |
||
| 650 | _aLeaves | ||
| 650 | _afruit | ||
| 650 | _aand | ||
| 690 | _aEnglish Prose | ||
| 906 | _a012684 | ||
| 999 |
_c131496 _d131496 |
||